Advanced financial accounting (Record no. 367340)
[ view plain ]
| 000 -LEADER | |
|---|---|
| fixed length control field | 00692nam a22002297a 4500 |
| 003 - CONTROL NUMBER IDENTIFIER | |
| control field | 0 |
| 005 - DATE AND TIME OF LATEST TRANSACTION | |
| control field | 20250326100617.0 |
| 008 - FIXED-LENGTH DATA ELEMENTS--GENERAL INFORMATION | |
| fixed length control field | 250325b xxu||||| |||| 00| 0 eng d |
| 022 ## - INTERNATIONAL STANDARD SERIAL NUMBER | |
| Source | 9781265042615 |
| 050 ## - LIBRARY OF CONGRESS CALL NUMBER | |
| Classification number | HF 5655 |
| Item number | .C57 2023 |
| 100 ## - MAIN ENTRY--PERSONAL NAME | |
| Personal name | Christensen, Theodore E. |
| 245 ## - TITLE STATEMENT | |
| Title | Advanced financial accounting |
| Statement of responsibility, etc | Theodore E. Christense and two others |
| 250 ## - EDITION STATEMENT | |
| Edition statement | Thirteenth edition |
| 260 ## - PUBLICATION, DISTRIBUTION, ETC. (IMPRINT) | |
| Place of publication, distribution, etc | New York |
| Name of publisher, distributor, etc | McGrwa-Hill |
| Date of publication, distribution, etc | 2023 |
| 300 ## - PHYSICAL DESCRIPTION | |
| Extent | xxx, 1090 pages ; |
| Dimensions | 28cm. |
| 500 ## - GENERAL NOTE | |
| General note | International Student Edition (ISE) |
| 504 ## - BIBLIOGRAPHY, ETC. NOTE | |
| Bibliography, etc | Includes index. |
| 650 ## - SUBJECT ADDED ENTRY--TOPICAL TERM | |
| Topical term or geographic name as entry element | Financial Accounting--Advanced. |
| 700 ## - ADDED ENTRY--PERSONAL NAME | |
| Personal name | Cottrell, David M. |
| 700 ## - ADDED ENTRY--PERSONAL NAME | |
| Personal name | Budd, Cassy |
| 942 ## - ADDED ENTRY ELEMENTS (KOHA) | |
| Source of classification or shelving scheme | Library of Congress Classification |
| Koha item type | Books |
| Withdrawn status | Lost status | Source of classification or shelving scheme | Damaged status | Home library | Current library | Shelving location | Date acquired | Source of acquisition | Total Checkouts | Full call number | Barcode | Date last seen | Price effective from | Koha item type |
|---|---|---|---|---|---|---|---|---|---|---|---|---|---|---|
| Library of Congress Classification | College Library | College Library | Graduate Section | 03/25/2025 | Library Fund | HF 5655 .C57 2023 | C24308 | 03/25/2025 | 03/25/2025 | Books |